Statistics for Horse facts: true or false

Click here to take the quiz!

General Stats

  • This quiz has been taken 629 times
  • The average score is 9 of 15

Answer Stats

QuestionAnswer% Correct
A Mare is an adult female horsetrue
90%
horses can sleep laying down and standing uptrue
88%
The smallest horse is the Falabella minature horsetrue
81%
horses can run shortly after birthtrue
78%
Horses live as long as the average personfalse
77%
Horses can throw upfalse
71%
A horse with a brown coat and black points is called a bay horsetrue
71%
Horses can bend their backsfalse
58%
Quarter horses are the fastest horse breedfalse
54%
horses have the largest eyes of any land animaltrue
52%
The largest horse breed is a clydesdalefalse
40%
The fastest horse ever recorded was Seabiscutfalse
40%
The only feral horse breed is the przewalski horsetrue
38%
There are many wild horse breedsfalse
28%
The most common horse color is brownfalse
12%

Score Distribution

Percentile by Number Answered

Percent of People with Each Score

Your Score History

You have not taken this quiz